| 000 | 00727nam a22002777a 4500 | ||
|---|---|---|---|
| 001 | BR3000081 | ||
| 003 | BR-BrBNA | ||
| 005 | 20230928082842.0 | ||
| 007 | ta | ||
| 008 | 230509b bl.||||| |||| 00| 0 por d | ||
| 040 |
_aBR-BrBNA _bpor _cBiblioteca Nacional de Agricultura |
||
| 041 | _a(Por) | ||
| 072 |
_aD50; E10; E70 _b/G514 |
||
| 090 | _ D50 BR3000081 | ||
| 100 | 1 | _aBailly, G.A. | |
| 245 | 1 | _aAnnuario de legislacao industrial agricola e commercial do Brasil | |
| 260 | 3 |
_aRio de Janeiro, GB (Brasil): _c1930. |
|
| 300 | _a252 p. | ||
| 650 | _aLEI | ||
| 650 | _aDECRETO | ||
| 650 | _aPORTARIA | ||
| 650 | _aINDUSTRIA AGRICOLA | ||
| 650 | _aCOMERCIO | ||
| 909 |
_a202309 _bLucia _c55 _dLucia Elande |
||
| 942 | _cBK | ||
| 999 |
_c10273 _d10273 |
||